MARC details
| 000 -BAŞLIK |
| Sabit Uzunlukta Kontrol Alanı |
01350nam a22003257a 4500 |
| 999 ## - SİSTEM KONTROL NUMARALARI (KOHA) |
| Koha Biblionumber |
15250 |
| Koha Biblioitemnumber |
15250 |
| 003 - KONTROL NUMARASI IDENTIFIER |
| Denetim Alanı |
MIRAKIL |
| 005 - SON İŞLEM TARİHİ VE ZAMANI |
| Denetim Alanı |
20230614093144.0 |
| 008 - SABİT-BOY VERİ ELEMANLARI - GENEL BİLGİLER |
| Sabit Uzunlukta Kontrol Alanı |
230614b tu ||||| |||| 00| 0 tur d |
| 040 ## - KATALOGLAMA KAYNAK |
| Orijinal Kataloglama Ajansı |
TR-AnCHP |
| Kataloglama Dili |
tur |
| Metne Dönüştürmek Ajansı |
TR-AnCHP |
| 041 ## - DİL KODU |
| Metin / Ses Parça Veya Ayrı Başlığın Dil Kodu |
tur |
| 082 ## - DEWEY ONLU SINIFLANDIRMA NUMARASI |
| Sınıflandırma Numarası |
CHP 324.2372 |
| Ürün Numarası |
C36s 2023 |
| 090 ## - SINIFLAMA NUMARASI |
| Sınıflama Numarası |
BROŞÜR 614 |
| 240 ## - ÜNİFORM BAŞLIK |
| Üniforma Başlık |
<a href="Sana Söz">Sana Söz</a> |
| Bir İşin Tarihi |
Mayıs 2023 |
| 245 ## - BAŞLIK TABLOSU |
| Başlık |
Sana Söz: |
| Başlığın Kalan |
Devlet okullarında öğrencilere ücretsiz öğle yemeği, süt ve su / |
| Sorumluluk Tablosu, Vb |
CHP |
| 246 ## - UNVAN FORM VARYING |
| Başlık Doğru / Kısa Başlığı |
Devlet okullarında öğrencilere ücretsiz öğle yemeği, süt ve su |
| 260 ## - YAYIN, DAĞITIM, VB |
| Yayın, Dağıtım, Vb Yeri |
Ankara |
| Yayıncı, Dağıtıcı, Vs Adı |
CHP |
| Yayın, Dağıtım, Vb Tarihi |
2023 |
| 300 ## - FİZİKSEL TANIM |
| Kapsam |
2 s.: |
| Diğer Fiziksel Ayrıntıları |
rnkl. fotg. |
| Boyutlar |
21 sm. |
| 440 ## - SERİSİ TABLOSU / KATMA GİRİŞİ - BAŞLIK |
| Başlık |
Cumhuriyet Halk Partisi yayınları |
| Bir İşin Parçası / Bölümün İsmi |
Sana söz |
| 600 ## - KONU KATMA GİRİŞ - KURUMSAL ADI |
| Kişisel Ad |
Kılıçdaroğlu, Kemal |
| Genel Alt Bölümü |
Propaganda ve ideolojiler |
| Kronolojik Alt Bölümü |
öğrenci politikaları |
| 600 ## - KONU KATMA GİRİŞ - KURUMSAL ADI |
| Kişisel Ad |
Kılıçdaroğlu, Kemal |
| Başlıklar Ve Bir Adla İlişkili Diğer Kelimeler |
CHP Genel Başkanı |
| Genel Alt Bölümü |
Seçim kampanyaları, 2023 |
| Kronolojik Alt Bölümü |
Öğrenciler |
| 610 ## - KONU KATMA GİRİŞ - TOPLANTI ADI |
| Giriş Elemanı Olarak Kurumsal Ad Veya Yargı Alanı Adı |
CHP |
| Genel Alt Bölüm |
Seçim kampanyaları, 2023 |
| Kronolojik Alt Bölüm |
Öğrenci politikaları |
| 610 ## - KONU KATMA GİRİŞ - TOPLANTI ADI |
| Giriş Elemanı Olarak Kurumsal Ad Veya Yargı Alanı Adı |
CHP |
| Genel Alt Bölüm |
Öğrenci sorunları |
| Kronolojik Alt Bölüm |
Çözüm önerileri |
| 610 ## - KONU KATMA GİRİŞ - TOPLANTI ADI |
| Giriş Elemanı Olarak Kurumsal Ad Veya Yargı Alanı Adı |
CHP |
| Genel Alt Bölüm |
Propaganda ve ideolojiler |
| Kronolojik Alt Bölüm |
Genel seçimler, 2023 |
| -- |
Kılıçdaroğlu dönemi |
| 651 ## - KONU KATMA GİRİŞ - COĞRAFİ ADI |
| Coğrafi İsim |
Türkiye |
| Genel Alt Bölümü |
Siyaset ve yönetim |
| Kronolojik Alt Bölümü |
2023- |
| 740 ## - KATMA GİRİŞ - KONTROLSUZ İLGİLİ / ANALİTİK BAŞLIK |
| Kontrol Edilmeyen / İlgili Analitik Başlıktaki |
Sana söz |
| 830 ## - SERİSİ EKLENDİ GİRİŞ - ÜNİFORM ADI |
| Üniforma Başlık |
CHP broşürleri |
| 856 ## - ELEKTRONİK YER VE ERİŞİM |
| Kamu Notu |
Dijital Nüshası için Partimizin Kütüphane Sorumlusu ile iletişime geçiniz. |
| 942 ## - EKLENDİ GİRİŞ ELEMANLARI (KOHA) |
| Sınıflandırma Veya Raf Düzeni Kaynak |
Dewey Decimal Classification |
| Koha Öğesi Türü |
Visual Material |